[Event "15th Asian-ch"]
[Site "Chengdu CHN"]
[Date "2017.05.13"]
[Round "2"]
[White "Xu Yi"]
[Black "Gonzales, Jayson"]
[Result "1/2-1/2"]
[WhiteElo "2456"]
[BlackElo "2409"]
[EventDate "2017.05.12"]
[PlyCount "57"]

1.e4 d6 2.d4 Nf6 3.Nc3 g6 4.f4 Bg7 5.Bd3 Nc6 6.Nf3 O-O 7.e5 dxe5 8.fxe5 
Nh5 9.Ne2 Bg4 10.c3 Bxf3 11.gxf3 e6 12.Be3 Ne7 13.Qd2 Nd5 14.Bg5 f6 15.Bh4
Qd7 16.exf6 Bxf6 17.Bxf6 Rxf6 18.Be4 Rd8 19.O-O-O c6 20.Ng3 Ng7 21.Kb1 Qc7
22.Rhe1 Rf7 23.Qg5 Rdf8 24.Qd2 Qf4 25.Qd3 Qh4 26.Qc2 Nf6 27.Bd3 Nd5 28.Be4
Nf6 29.Bd3 1/2-1/2

[Event "15th Asian-ch"]
[Site "Chengdu CHN"]
[Date "2017.05.13"]
[Round "2"]
[White "Kakabaev, Mergen"]
[Black "Atabaev, Yusup"]
[Result "1/2-1/2"]
[WhiteElo "2350"]
[BlackElo "2455"]
[EventDate "2017.05.12"]
[PlyCount "53"]

1.e4 c6 2.d4 d5 3.Nc3 dxe4 4.Nxe4 Nf6 5.Nxf6+ exf6 6.c3 Bd6 7.Bd3 O-O 8.
Ne2 Re8 9.O-O Qc7 10.Ng3 Nd7 11.Nf5 Bxh2+ 12.Kh1 Bd6 13.Qg4 g6 14.Nh6+ Kg7
15.Nf5+ Kg8 16.Nh6+ Kg7 17.Nf5+ Kh8 18.Qh4 gxf5 19.Bxf5 Nf8 20.Qxf6+ Kg8 
21.Bh6 Ne6 22.Bxe6 fxe6 23.Qg5+ Kh8 24.Qf6+ Kg8 25.Qg5+ Kh8 26.Qf6+ Kg8 
27.Qg5+ 1/2-1/2

[Event "15th Asian-ch"]
[Site "Chengdu CHN"]
[Date "2017.05.13"]
[Round "2"]
[White "Hossain, Enamul"]
[Black "Tran Minh Thang"]
[Result "1-0"]
[WhiteElo "2452"]
[BlackElo "2409"]
[EventDate "2017.05.12"]
[PlyCount "75"]

1.e4 c5 2.Nf3 e6 3.b3 Nc6 4.Bb2 Nf6 5.e5 Nd5 6.c4 Nf4 7.g3 Ng6 8.Bg2 Be7 
9.O-O O-O 10.Na3 a6 11.Nc2 Qc7 12.Qe2 b6 13.d4 cxd4 14.Ncxd4 Bb7 15.Rad1 
f6 16.Nxc6 Bxc6 17.exf6 Bxf6 18.Bxf6 Rxf6 19.Ng5 Bxg2 20.Kxg2 Rf5 21.Ne4 
d5 22.Nd2 Qf7 23.Rde1 Rf6 24.Kg1 b5 25.cxd5 exd5 26.f4 Rd8 27.Nf3 Qa7+ 28.
Qf2 d4 29.Re4 Qb7 30.Rxd4 Re8 31.Rfd1 Rfe6 32.Rd7 Qc8 33.Ng5 Re2 34.Qd4 
Ne7 35.Rd8 Qc6 36.Rxe8+ Qxe8 37.Qd3 Nc6 38.Qxh7+ 1-0

[Event "15th Asian-ch"]
[Site "Chengdu CHN"]
[Date "2017.05.13"]
[Round "2"]
[White "Fang Yan"]
[Black "Andyka, Pitra"]
[Result "1-0"]
[WhiteElo "2443"]
[BlackElo "2358"]
[EventDate "2017.05.12"]
[PlyCount "85"]

1.e4 c5 2.Nc3 e6 3.Nf3 Nc6 4.Bb5 Nd4 5.O-O a6 6.Bd3 Ne7 7.Nxd4 cxd4 8.Ne2 
Nc6 9.c3 Bc5 10.b4 Bb6 11.a3 d5 12.Qc2 Ne5 13.cxd4 Nxd3 14.Qxd3 O-O 15.Bb2
Bd7 16.Rfe1 dxe4 17.Qxe4 Bc6 18.Qg4 f5 19.Qh3 Qg5 20.Qg3 Qh6 21.d5 Bxd5 
22.Nf4 Rae8 23.Nxd5 exd5 24.Be5 f4 25.Qf3 Qe6 26.h3 Qd7 27.d4 Kh8 28.Rec1 
Qf5 29.a4 Qe4 30.Qg4 Rxe5 31.dxe5 Qxe5 32.Qf3 Qb2 33.Rab1 Qa2 34.a5 Ba7 
35.Re1 Qc4 36.Re7 Bd4 37.Rxb7 h6 38.b5 axb5 39.R7xb5 Ba7 40.Qxd5 Qc2 41.
R5b2 Bxf2+ 42.Kf1 Qg6 43.Rb8 1-0

[Event "15th Asian-ch"]
[Site "Chengdu CHN"]
[Date "2017.05.13"]
[Round "2"]
[White "Bilguun, Sumiya"]
[Black "Chen Fan"]
[Result "1/2-1/2"]
[WhiteElo "2440"]
[BlackElo "2326"]
[EventDate "2017.05.12"]
[PlyCount "77"]

1.e4 c5 2.Nf3 d6 3.d4 cxd4 4.Nxd4 Nf6 5.Nc3 a6 6.f4 e6 7.Bd3 Nc6 8.Nxc6 
bxc6 9.O-O d5 10.Re1 Be7 11.e5 Nd7 12.Na4 Nb6 13.Nxb6 Qxb6+ 14.Kh1 a5 15.
c4 Ba6 16.Be3 d4 17.Bd2 g6 18.b3 c5 19.Be4 Bb7 20.Qf3 Bxe4 21.Qxe4 O-O 22.
Rab1 a4 23.b4 cxb4 24.Bxb4 Bc5 25.Bd2 Qa6 26.Rb5 Rac8 27.Reb1 Rfd8 28.Qd3 
Bf8 29.Ba5 Rd7 30.Bb6 Bh6 31.g3 Bf8 32.Kg1 h5 33.h4 Qa8 34.Ba5 Rc5 35.Be1 
Rd8 36.Rxc5 Bxc5 37.Bb4 Bxb4 38.Rxb4 Rb8 39.Rb5 1/2-1/2

[Event "15th Asian-ch"]
[Site "Chengdu CHN"]
[Date "2017.05.13"]
[Round "2"]
[White "Zhu Jiner"]
[Black "Peng Xiongjian"]
[Result "1/2-1/2"]
[WhiteElo "2184"]
[BlackElo "2431"]
[EventDate "2017.05.12"]
[PlyCount "73"]

1.e4 e5 2.Nf3 Nc6 3.Bc4 Bc5 4.O-O Nf6 5.d3 O-O 6.Bb3 d6 7.c3 a6 8.h3 Ba7 
9.Nbd2 Ne7 10.Re1 Ng6 11.Nf1 Re8 12.Ng3 h6 13.d4 Be6 14.Bc2 c6 15.Be3 Nh7 
16.Qd2 Nh4 17.Nxh4 Qxh4 18.d5 Bxe3 19.Qxe3 Bd7 20.dxc6 Bxc6 21.Rad1 Rad8 
22.Nf5 Qf6 23.Bb3 Rd7 24.Bd5 Rc8 25.Re2 h5 26.Qd3 Bxd5 27.Qxd5 g6 28.Ne3 
Qe6 29.Red2 Rc6 30.c4 Qxd5 31.Nxd5 Kg7 32.b3 Ng5 33.f3 Ne6 34.Nb4 Rb6 35.
Nd5 Rc6 36.Nb4 Rb6 37.Nd5 1/2-1/2

[Event "15th Asian-ch"]
[Site "Chengdu CHN"]
[Date "2017.05.13"]
[Round "2"]
[White "Bersamina, Paulo"]
[Black "Deng Tianle"]
[Result "1/2-1/2"]
[WhiteElo "2419"]
[BlackElo "2105"]
[EventDate "2017.05.12"]
[PlyCount "67"]

1.e4 e5 2.Nf3 Nc6 3.Bb5 a6 4.Ba4 Nf6 5.O-O Be7 6.Bxc6 dxc6 7.d3 Nd7 8.Nbd2
O-O 9.Nc4 f6 10.Nh4 Nc5 11.Nf5 Bxf5 12.exf5 Qd5 13.Qg4 Rad8 14.Bh6 Qf7 15.
Be3 Rfe8 16.Nd2 Kh8 17.a3 Bf8 18.f3 b5 19.Qh4 Na4 20.Ne4 Nxb2 21.g4 Be7 
22.Kh1 Na4 23.Rg1 Nb6 24.g5 fxg5 25.Bxg5 Nd5 26.Qg4 Rf8 27.Bxe7 Qxe7 28.
Ng5 Nf4 29.Rae1 Qf6 30.Ne4 Qf7 31.Nc5 Qf6 32.Ne4 Qf7 33.Nc5 Qf6 34.Ne4 
1/2-1/2

[Event "15th Asian-ch"]
[Site "Chengdu CHN"]
[Date "2017.05.14"]
[Round "3"]
[White "Ganguly, Surya Shekhar"]
[Black "Aravindh, Chithambaram"]
[Result "1/2-1/2"]
[WhiteElo "2653"]
[BlackElo "2588"]
[EventDate "2017.05.12"]
[PlyCount "54"]

1.Nf3 d5 2.g3 Nf6 3.Bg2 g6 4.d4 Bg7 5.O-O O-O 6.c4 c6 7.b3 dxc4 8.bxc4 c5 
9.Bb2 cxd4 10.Nxd4 Nc6 11.Nxc6 bxc6 12.Bxc6 Rb8 13.Be5 Bh3 14.Bg2 Bxg2 15.
Kxg2 Rc8 16.Qa4 Rc5 17.Bc3 Qc8 18.Nd2 Rh5 19.h4 Rxh4 20.Rh1 Rg4 21.Qxa7 
Qc6+ 22.f3 Ne4 23.Nxe4 Rxe4 24.fxe4 Qxe4+ 25.Kf2 Bxc3 26.Rad1 Qf5+ 27.Kg2 
Qe4+ 1/2-1/2

[Event "15th Asian-ch"]
[Site "Chengdu CHN"]
[Date "2017.05.14"]
[Round "3"]
[White "Bai Jinshi"]
[Black "Kasimdzhanov, Rustam"]
[Result "1/2-1/2"]
[WhiteElo "2586"]
[BlackElo "2698"]
[EventDate "2017.05.12"]
[PlyCount "45"]

1.d4 Nf6 2.c4 g6 3.Nc3 d5 4.Bf4 Bg7 5.e3 O-O 6.cxd5 Nxd5 7.Nxd5 Qxd5 8.
Bxc7 Nc6 9.Ne2 Bg4 10.h3 Bxe2 11.Bxe2 Qxg2 12.Bf3 Qg5 13.Qb3 Qf5 14.Bg2 
Rac8 15.Qxb7 Qd7 16.Qxc6 Qxc6 17.Bxc6 Rxc7 18.Ba4 Rb8 19.b3 Rc2 20.O-O Bf6
21.Rfc1 Rbc8 22.Rxc2 Rxc2 23.b4 1/2-1/2

[Event "15th Asian-ch"]
[Site "Chengdu CHN"]
[Date "2017.05.14"]
[Round "3"]
[White "Sadorra, Julio Catalino"]
[Black "Yu Yangyi"]
[Result "1/2-1/2"]
[WhiteElo "2575"]
[BlackElo "2743"]
[EventDate "2017.05.12"]
[PlyCount "60"]

1.Nf3 c5 2.c4 Nc6 3.Nc3 g6 4.e3 Nf6 5.d4 cxd4 6.exd4 d5 7.cxd5 Nxd5 8.Bc4 
e6 9.O-O Bg7 10.Bxd5 exd5 11.Re1+ Be6 12.Bg5 Qd6 13.Qd2 O-O 14.Bh6 f6 15.
Bxg7 Kxg7 16.Nb5 Qd7 17.Nc7 Qxc7 18.Rxe6 Rae8 19.Rae1 Qd7 20.R6e3 Rxe3 21.
Qxe3 Rf7 22.Qd3 Re7 23.Rxe7+ Qxe7 24.Qb5 Qd7 25.h4 Kf7 26.Ne1 Ne5 27.Qxd7+
Nxd7 28.f3 g5 29.hxg5 fxg5 30.g4 Nf6 1/2-1/2

[Event "15th Asian-ch"]
[Site "Chengdu CHN"]
[Date "2017.05.14"]
[Round "3"]
[White "Wei Yi"]
[Black "Sandipan, Chanda"]
[Result "1/2-1/2"]
[WhiteElo "2732"]
[BlackElo "2575"]
[EventDate "2017.05.12"]
[PlyCount "59"]

1.e4 c5 2.Nf3 d6 3.d4 cxd4 4.Nxd4 Nf6 5.Nc3 a6 6.Bg5 e6 7.f4 Qb6 8.Qd2 
Qxb2 9.Rb1 Qa3 10.f5 Be7 11.fxe6 Bxe6 12.Nxe6 fxe6 13.Bc4 Nbd7 14.Bxe6 Nc5
15.Bf5 g6 16.O-O gxf5 17.Rxf5 Rf8 18.Bxf6 Bxf6 19.Nd5 O-O-O 20.Rxf6 Nxe4 
21.Ne7+ Kb8 22.Qd5 Qe3+ 23.Kh1 Nf2+ 24.Rxf2 Qxe7 25.Rxf8 Rxf8 26.Rxb7+ 
Qxb7 27.Qxd6+ Ka7 28.Qc5+ Qb6 29.Qe7+ Qb7 30.Qc5+ 1/2-1/2

[Event "15th Asian-ch"]
[Site "Chengdu CHN"]
[Date "2017.05.14"]
[Round "3"]
[White "Bu Xiangzhi"]
[Black "Lalith Babu, Musunuri Rohit"]
[Result "1/2-1/2"]
[WhiteElo "2697"]
[BlackElo "2529"]
[EventDate "2017.05.12"]
[PlyCount "75"]

1.c4 e5 2.g3 Nf6 3.Bg2 c6 4.Nf3 e4 5.Nd4 d5 6.cxd5 Qxd5 7.Nc2 Qh5 8.h3 Qg6
9.Nc3 Bc5 10.Ne3 O-O 11.Qc2 Re8 12.b3 Na6 13.a3 Nc7 14.Bb2 Bd4 15.O-O-O 
Ncd5 16.Ncxd5 Bxb2+ 17.Qxb2 Nxd5 18.Qd4 Nc7 19.d3 Nb5 20.Qb2 exd3 21.Rxd3 
Bf5 22.Rd2 Be6 23.a4 Nc7 24.h4 Qh5 25.Qc3 Na6 26.Kb2 Qc5 27.Rc1 Qb6 28.Ka3
Rad8 29.Rcd1 Rxd2 30.Rxd2 Nc5 31.Nc4 Bxc4 32.Qxc4 a5 33.e3 h6 34.g4 Qa7 
35.Qd4 Qb6 36.Qc4 Qa7 37.Qd4 Qb6 38.Qc4 1/2-1/2

[Event "15th Asian-ch"]
[Site "Chengdu CHN"]
[Date "2017.05.14"]
[Round "3"]
[White "Wang Hao"]
[Black "Tran Tuan Minh"]
[Result "1-0"]
[WhiteElo "2680"]
[BlackElo "2537"]
[EventDate "2017.05.12"]
[PlyCount "77"]

1.c4 c5 2.Nf3 Nf6 3.Nc3 Nc6 4.e3 e6 5.d4 d5 6.cxd5 Nxd5 7.Bd3 cxd4 8.exd4 
Be7 9.O-O O-O 10.Re1 Ncb4 11.Bb1 Qc7 12.a3 Nxc3 13.bxc3 Nd5 14.Qd3 g6 15.
c4 Nf4 16.Qe3 Nh5 17.Bd3 b6 18.Qh6 Bb7 19.Ng5 Bxg5 20.Bxg5 f6 21.Be3 Rac8 
22.f3 Ba6 23.Rac1 Qd7 24.Bf2 Ng7 25.Qd2 Nf5 26.Bf1 Rfd8 27.Red1 Rc6 28.g4 
Ng7 29.Bg3 Rdc8 30.Qb4 Qf7 31.Be2 Ne8 32.Rc3 Kg7 33.Kf2 Qf8 34.Rdc1 Nd6 
35.c5 bxc5 36.Rxc5 Rb6 37.Rxc8 Bxc8 38.Bxd6 Qd8 39.Bc7 1-0

[Event "15th Asian-ch"]
[Site "Chengdu CHN"]
[Date "2017.05.14"]
[Round "3"]
[White "Xu Yinglun"]
[Black "Sethuraman, Panayapan"]
[Result "1/2-1/2"]
[WhiteElo "2560"]
[BlackElo "2633"]
[EventDate "2017.05.12"]
[PlyCount "60"]

1.d4 Nf6 2.c4 e6 3.Nf3 d5 4.Nc3 a6 5.cxd5 exd5 6.Bg5 Be6 7.e3 Nbd7 8.Bd3 
Bd6 9.Bh4 h6 10.Qc2 c6 11.Bg3 Bxg3 12.hxg3 O-O 13.a3 c5 14.dxc5 Nxc5 15.
O-O Rc8 16.Nd4 Qd6 17.Rac1 Qe5 18.Be2 Bd7 19.Nf3 Qe7 20.Nd4 Rfd8 21.Rfd1 
Qe5 22.Nf3 Qe8 23.Nd4 Na4 24.Qb1 Nxc3 25.Rxc3 Rxc3 26.bxc3 b5 27.Qb4 Rc8 
28.Qa5 Ne4 29.Qxa6 Nxc3 30.Ra1 Ra8 1/2-1/2

[Event "15th Asian-ch"]
[Site "Chengdu CHN"]
[Date "2017.05.14"]
[Round "3"]
[White "Nguyen Ngoc Truong Son"]
[Black "Batchuluun, Cegmed"]
[Result "1/2-1/2"]
[WhiteElo "2632"]
[BlackElo "2525"]
[EventDate "2017.05.12"]
[PlyCount "59"]

1.d4 d5 2.Nf3 Nf6 3.c4 e6 4.g3 dxc4 5.Bg2 Nc6 6.Qa4 Bb4+ 7.Bd2 Nd5 8.Bxb4 
Nxb4 9.O-O Rb8 10.Na3 O-O 11.Qb5 b6 12.Qxc4 Ba6 13.Nb5 Qd5 14.Qxd5 Nxd5 
15.a4 Na5 16.Ne5 Rbd8 17.Nxa7 Nb4 18.Rac1 Rxd4 19.Rxc7 Bxe2 20.Rfc1 Rfd8 
21.h4 f6 22.Nec6 Nbxc6 23.Nxc6 Nxc6 24.R1xc6 R8d6 25.Rc3 Bd1 26.Bc6 h5 27.
Be8 Kh7 28.Re7 Bxa4 29.Bxh5 Bc6 30.Bf3 1/2-1/2

[Event "15th Asian-ch"]
[Site "Chengdu CHN"]
[Date "2017.05.14"]
[Round "3"]
[White "Lu Shanglei"]
[Black "Utegaliev, Azamat"]
[Result "1/2-1/2"]
[WhiteElo "2619"]
[BlackElo "2522"]
[EventDate "2017.05.12"]
[PlyCount "102"]

1.e4 e5 2.Bc4 Nf6 3.d3 Nc6 4.Nf3 Bc5 5.O-O d6 6.c3 h6 7.Re1 O-O 8.Nbd2 Ne7
9.Nf1 Ng6 10.Ng3 Bb6 11.Bb3 c6 12.h3 d5 13.exd5 Nxd5 14.d4 exd4 15.Nxd4 
Bc7 16.Ndf5 Bxf5 17.Nxf5 Qf6 18.Bxd5 Qxf5 19.Bb3 Rfe8 20.Be3 Rad8 21.Qg4 
Qxg4 22.hxg4 Bb6 23.Bxb6 axb6 24.Rxe8+ Rxe8 25.Rd1 Kf8 26.f3 Ne5 27.a4 Re7
28.Rd8+ Re8 29.Rd4 Re7 30.Bc2 Rd7 31.Rb4 Rd2 32.Bf5 g6 33.Bc8 Nd3 34.Rxb6 
Nxb2 35.Bxb7 Nxa4 36.Rxc6 g5 37.Rc8+ Ke7 38.Be4 Nb6 39.Rc7+ Rd7 40.Rc6 Rd6
41.Kf2 Rxc6 42.Bxc6 Kd6 43.Be8 f6 44.Bf7 Nc8 45.Ke3 Kc5 46.Be6 Nd6 47.Kd3 
Nb5 48.Bb3 Nd6 49.Ke3 Nb5 50.Ke4 Nd6+ 51.Kd3 Nb5 1/2-1/2

[Event "15th Asian-ch"]
[Site "Chengdu CHN"]
[Date "2017.05.14"]
[Round "3"]
[White "Wen Yang"]
[Black "Gundavaa, Bayarsaihan"]
[Result "0-1"]
[WhiteElo "2607"]
[BlackElo "2485"]
[EventDate "2017.05.12"]
[PlyCount "86"]

1.Nf3 Nf6 2.c4 g6 3.Nc3 Bg7 4.g3 O-O 5.Bg2 c6 6.d4 d5 7.Ne5 dxc4 8.Nxc4 
Be6 9.Ne5 Qc8 10.O-O Bh3 11.e4 Bxg2 12.Kxg2 c5 13.d5 Nxe4 14.Nxg6 hxg6 15.
Nxe4 Rd8 16.Qf3 Qf5 17.Rd1 Nd7 18.Bg5 Qxf3+ 19.Kxf3 f5 20.Nc3 Kf7 21.Re1 
Ne5+ 22.Kg2 Rd7 23.Rad1 Nc4 24.Bc1 Rad8 25.Rd3 Bf6 26.Rf3 Nb6 27.Be3 Rc8 
28.g4 fxg4 29.Rf4 Nxd5 30.Nxd5 Rxd5 31.b3 Rcd8 32.Rxg4 b6 33.Re4 Rh8 34.
Ra4 a5 35.Re4 Rh4 36.Bf4 e5 37.Bc1 Rxe4 38.Rxe4 Ke6 39.Be3 Rd1 40.Rc4 Rb1 
41.Rc2 e4 42.f3 Kd5 43.Bf4 Bd4 0-1

[Event "15th Asian-ch"]
[Site "Chengdu CHN"]
[Date "2017.05.14"]
[Round "3"]
[White "Karthikeyan, Murali"]
[Black "Zhang Ziji"]
[Result "1/2-1/2"]
[WhiteElo "2585"]
[BlackElo "2312"]
[EventDate "2017.05.12"]
[PlyCount "132"]

1.Nf3 d5 2.g3 c6 3.Bg2 Bg4 4.h3 Bxf3 5.Bxf3 Nd7 6.d3 Ngf6 7.O-O e5 8.e4 
dxe4 9.dxe4 Bc5 10.c3 a5 11.a4 O-O 12.Nd2 Qc7 13.Qe2 Rfd8 14.Nc4 h6 15.Bg2
Ba7 16.Be3 Bxe3 17.Qxe3 b5 18.Na3 Qb6 19.Qxb6 Nxb6 20.axb5 cxb5 21.Nxb5 
Nc4 22.b4 axb4 23.cxb4 Nd2 24.Rxa8 Rxa8 25.Rc1 Ra4 26.Nd6 Rxb4 27.Rc8+ Kh7
28.Nxf7 Rb1+ 29.Kh2 Nfxe4 30.Rh8+ Kg6 31.Nxe5+ Kf5 32.Ng4 Kg6 33.h4 Nf6 
34.Kh3 Nxg4 35.Kxg4 Rb4+ 36.f4 Ne4 37.h5+ Kf7 38.Kh4 Nf6 39.Bf3 Rb2 40.g4 
Rb4 41.Kg3 Ne4+ 42.Bxe4 Rxe4 43.Rd8 Re3+ 44.Kf2 Ra3 45.Rd5 Ke6 46.Re5+ Kf6
47.Re3 Ra4 48.Kf3 Ra1 49.Rc3 Rf1+ 50.Ke3 Rg1 51.Rc6+ Kf7 52.Kf3 Re1 53.Rc5
Ke6 54.Kf2 Re4 55.Rc6+ Kf7 56.Kg3 Re3+ 57.Kf2 Ra3 58.Rc5 Ke6 59.Kg2 Ra2+ 
60.Kg3 Ra3+ 61.Kh4 Ra4 62.f5+ Kf6 63.Rc6+ Kf7 64.Rc3 Kf6 65.Re3 Ra6 66.Re8
Ra3 1/2-1/2

[Event "15th Asian-ch"]
[Site "Chengdu CHN"]
[Date "2017.05.14"]
[Round "3"]
[White "Gomez, John Paul"]
[Black "Maghsoodloo, Parham"]
[Result "0-1"]
[WhiteElo "2474"]
[BlackElo "2577"]
[EventDate "2017.05.12"]
[PlyCount "106"]

1.Nf3 Nf6 2.c4 e6 3.d4 b6 4.Nc3 Bb4 5.e3 Bb7 6.Bd3 O-O 7.O-O c5 8.Na4 cxd4
9.exd4 Be7 10.Re1 d6 11.b4 Nbd7 12.Bb2 Re8 13.a3 Bf8 14.Nc3 g6 15.Bf1 a6 
16.Nd2 Bg7 17.Nb3 Qc7 18.Rc1 Rac8 19.a4 Qb8 20.a5 d5 21.c5 b5 22.g3 e5 23.
Bg2 e4 24.f3 exf3 25.Qxf3 Ne4 26.Rf1 Re7 27.Ne2 Bc6 28.Rc2 Rce8 29.Bc1 Qd8
30.g4 Nf8 31.Nf4 Bf6 32.Nd3 Ne6 33.Qxf6 Nxf6 34.Rxf6 Bb7 35.Rcf2 Bc8 36.h3
Qc7 37.Ne5 Nxd4 38.Nxd4 Qxe5 39.Nc6 Qa1 40.Nxe7+ Rxe7 41.Rf1 Qc3 42.Rd6 
Re8 43.c6 Be6 44.Bf4 Rc8 45.c7 Rxc7 46.Rxa6 Rc8 47.Rd6 Qxb4 48.a6 Qd4+ 49.
Kh1 b4 50.Bh2 Qc5 51.Be5 b3 52.Rb1 b2 53.Rxb2 Qe3 0-1

[Event "15th Asian-ch"]
[Site "Chengdu CHN"]
[Date "2017.05.14"]
[Round "3"]
[White "Nguyen Van Huy"]
[Black "Santosh Gujrathi, Vidit"]
[Result "0-1"]
[WhiteElo "2442"]
[BlackElo "2687"]
[EventDate "2017.05.12"]
[PlyCount "62"]

1.d4 Nf6 2.c4 c5 3.d5 b5 4.Nf3 g6 5.Qc2 bxc4 6.e4 d6 7.Bxc4 Nbd7 8.O-O Bg7
9.Nc3 O-O 10.h3 a5 11.Bf4 a4 12.Rad1 Qa5 13.Rfe1 Qb4 14.Bf1 Nh5 15.Bd2 Ne5
16.Nxe5 Bxe5 17.Rb1 Qb7 18.Nxa4 Bd7 19.Nc3 f5 20.exf5 Bxf5 21.Bd3 Bxd3 22.
Qxd3 Nf4 23.Qe4 Rf7 24.b4 cxb4 25.Rxb4 Qd7 26.Reb1 Raf8 27.Rb8 Qa7 28.
Rxf8+ Rxf8 29.Be1 Qa6 30.Nd1 Ne2+ 31.Kh1 Nc3 0-1

[Event "15th Asian-ch"]
[Site "Chengdu CHN"]
[Date "2017.05.14"]
[Round "3"]
[White "Wang Yiye"]
[Black "Adhiban, Baskaran"]
[Result "1/2-1/2"]
[WhiteElo "2421"]
[BlackElo "2672"]
[EventDate "2017.05.12"]
[PlyCount "117"]

1.d4 e6 2.e4 d5 3.Nd2 c5 4.exd5 Qxd5 5.Ngf3 cxd4 6.Bc4 Qd6 7.O-O Nf6 8.Nb3
Nc6 9.Nbxd4 Nxd4 10.Qxd4 Qxd4 11.Nxd4 a6 12.Be2 Bd6 13.Rd1 Ke7 14.Be3 Bd7 
15.c4 Rhc8 16.Rac1 Rab8 17.Nb3 Be5 18.Bf3 Bc6 19.Bxc6 bxc6 20.Bc5+ Ke8 21.
Bd6 Bxd6 22.Rxd6 a5 23.Rd2 c5 24.Nxa5 Ra8 25.Nb7 Ke7 26.Rcd1 Rc7 27.Nd6 
Rxa2 28.f3 g6 29.Kf1 g5 30.Nb5 Rd7 31.Nd6 Ra8 32.Ke2 h5 33.Nb5 h4 34.Nc3 
Rb8 35.Nb5 Rxd2+ 36.Kxd2 Rd8+ 37.Kc2 Rxd1 38.Kxd1 Nh5 39.Nc3 f5 40.Ne2 Nf4
41.g3 Nd3 42.b3 Ne5 43.f4 gxf4 44.Nxf4 Nf3 45.gxh4 Nxh4 46.Ke2 e5 47.Nd3 
Kd6 48.b4 cxb4 49.Nxb4 Ng6 50.Nd3 e4 51.Nf2 Ke5 52.c5 Kd5 53.Ke3 f4+ 54.
Ke2 Kd4 55.Nxe4 Kxe4 56.c6 Ne7 57.c7 f3+ 58.Kf2 Kf4 59.h4 1/2-1/2

[Event "15th Asian-ch"]
[Site "Chengdu CHN"]
[Date "2017.05.14"]
[Round "3"]
[White "Liu Guanchu"]
[Black "Zhumabaev, Rinat"]
[Result "0-1"]
[WhiteElo "2448"]
[BlackElo "2625"]
[EventDate "2017.05.12"]
[PlyCount "56"]

1.e4 e5 2.Nf3 Nc6 3.Nc3 Nf6 4.Bb5 Bd6 5.O-O O-O 6.d3 Re8 7.Bxc6 dxc6 8.h3 
Qe7 9.Nh2 Nd7 10.f4 exf4 11.Bxf4 Bxf4 12.Rxf4 Ne5 13.Rf2 Be6 14.Nf3 Nxf3+ 
15.Qxf3 Rad8 16.Qe3 Qb4 17.Rb1 c5 18.a3 Qd4 19.Qg3 Qd7 20.Ne2 Kh8 21.Rbf1 
f6 22.e5 fxe5 23.Qxe5 b6 24.Qh5 Bg8 25.Nc3 c4 26.dxc4 Bxc4 27.Rd1 Qe7 28.
b3 Be2 0-1

[Event "15th Asian-ch"]
[Site "Chengdu CHN"]
[Date "2017.05.14"]
[Round "3"]
[White "Zou Chen"]
[Black "Zhou Jianchao"]
[Result "1/2-1/2"]
[WhiteElo "2320"]
[BlackElo "2617"]
[EventDate "2017.05.12"]
[PlyCount "132"]

1.d4 Nf6 2.Bf4 d5 3.e3 Bg4 4.Nf3 e6 5.Nbd2 Nbd7 6.h3 Bh5 7.c3 c5 8.Qb3 Qc8
9.Ne5 Nxe5 10.Bxe5 Nd7 11.g4 Bg6 12.Bg3 Be7 13.Bg2 c4 14.Qa4 Bd3 15.Bf1 
Bxf1 16.Kxf1 O-O 17.Nf3 a6 18.Kg2 b5 19.Qc2 Qb7 20.h4 f6 21.Rae1 Rae8 22.
e4 Nb6 23.Re2 dxe4 24.Qxe4 Qxe4 25.Rxe4 Kf7 26.Rhe1 Bd8 27.Bd6 Rh8 28.h5 
Nd5 29.Nd2 f5 30.gxf5 exf5 31.Re5 Bf6 32.Rxe8 Rxe8 33.Rxe8 Kxe8 34.Nf3 g5 
35.hxg6 hxg6 36.Kg3 g5 37.Ng1 Kd7 38.Bc5 Bd8 39.Ne2 Bc7+ 40.Kg2 Ke6 41.Ba3
Nf4+ 42.Nxf4+ Bxf4 43.Bb4 Bc7 44.a4 bxa4 45.f3 Bf4 46.Kh3 Kf6 47.Ba3 Kg6 
48.Bb4 Kh5 49.Ba3 g4+ 50.Kg2 Kg6 51.Kf2 g3+ 52.Kg2 Kf6 53.Kh3 Ke6 54.Kg2 
Bc7 55.Kh3 Kd5 56.Kg2 f4 57.Bc5 Ba5 58.Kf1 Kc6 59.Ba3 Bb6 60.Kg2 Kd5 61.
Kf1 a5 62.Ke2 Ba7 63.Bf8 Bb6 64.Ke1 Bxd4 65.cxd4 Kxd4 66.Ke2 Kd5 1/2-1/2

[Event "15th Asian-ch"]
[Site "Chengdu CHN"]
[Date "2017.05.14"]
[Round "3"]
[White "Tabatabaei, Mohammadamin"]
[Black "Hossain, Enamul"]
[Result "0-1"]
[WhiteElo "2521"]
[BlackElo "2452"]
[EventDate "2017.05.12"]
[PlyCount "92"]

1.d4 Nf6 2.Nc3 c5 3.d5 d6 4.e4 g6 5.Bb5+ Nfd7 6.Be2 Bg7 7.Nf3 Na6 8.h4 Nc7
9.a4 a6 10.h5 Rb8 11.a5 b5 12.axb6 Nxb6 13.Bf4 Nd7 14.Qc1 Rb4 15.Bh6 Bf6 
16.Bg5 Bg7 17.hxg6 hxg6 18.Rxh8+ Bxh8 19.Qf4 Rxb2 20.Kd2 Rb4 21.Qh2 Bf6 
22.Bxf6 Nxf6 23.Ng5 e6 24.Rh1 Ke7 25.Qh4 exd5 26.Bd3 Bb7 27.Re1 Ne6 28.Nh7
Qh8 29.Qxf6+ Qxf6 30.Nxf6 Kxf6 31.exd5 Nf4 32.Ne4+ Kg7 33.c4 Nxg2 34.Rb1 
Rxb1 35.Bxb1 a5 36.Nxd6 Ba6 37.Bd3 f5 38.Ne8+ Kf7 39.Nc7 Bc8 40.Bc2 Ke7 
41.Ba4 Nf4 42.Ke3 g5 43.Bc2 Ng6 44.Na8 f4+ 45.Kd2 Ne5 46.Nb6 Bd7 0-1

[Event "15th Asian-ch"]
[Site "Chengdu CHN"]
[Date "2017.05.14"]
[Round "3"]
[White "Al-Rakib, Abdullah"]
[Black "Fang Yan"]
[Result "1-0"]
[WhiteElo "2503"]
[BlackElo "2443"]
[EventDate "2017.05.12"]
[PlyCount "67"]

1.d4 Nf6 2.Nf3 d5 3.c4 e6 4.Nc3 Bb4 5.g3 O-O 6.Bg2 c5 7.cxd5 Nxd5 8.Bd2 
cxd4 9.Nxd5 Bxd2+ 10.Qxd2 Qxd5 11.Qxd4 Qb5 12.a4 Qe8 13.Ne5 f6 14.Nc4 Nc6 
15.Qc5 e5 16.Nd6 Qe7 17.Rc1 Rb8 18.e3 Rd8 19.Nxc8 Rbxc8 20.Qxe7 Nxe7 21.
Ke2 b6 22.Bb7 Rxc1 23.Rxc1 Kf7 24.Ba6 Ke6 25.Rc4 f5 26.e4 Kd6 27.Ke3 g6 
28.f3 Rd7 29.f4 exf4+ 30.Kxf4 fxe4 31.Rxe4 Nd5+ 32.Kg5 Rf7 33.g4 Rf3 34.
Rd4 1-0

[Event "15th Asian-ch"]
[Site "Chengdu CHN"]
[Date "2017.05.14"]
[Round "3"]
[White "Xu Minghui"]
[Black "Fang Yuxiang"]
[Result "1-0"]
[WhiteElo "2286"]
[BlackElo "2493"]
[EventDate "2017.05.12"]
[PlyCount "107"]

1.d4 Nf6 2.g3 d5 3.Bg2 c6 4.Nf3 Bf5 5.O-O Nbd7 6.c4 e6 7.Bf4 Be7 8.Nc3 
dxc4 9.Nh4 Bg4 10.Nf3 O-O 11.e4 b5 12.h3 Bh5 13.Re1 h6 14.a3 a6 15.g4 Bg6 
16.d5 cxd5 17.exd5 exd5 18.Nxd5 Bc5 19.b4 cxb3 20.Qxb3 Be4 21.Nc3 Bc6 22.
Ra2 Qb6 23.Ne5 Bxg2 24.Kxg2 Qb7+ 25.f3 Nxe5 26.Bxe5 Nd7 27.Bf4 Bd4 28.Qd5 
Qa7 29.Re7 Nf6 30.Qd6 Qc5 31.Ne2 Nd5 32.Rd7 Nxf4+ 33.Qxf4 Be5 34.Qf5 g6 
35.Rc2 Qe3 36.Rd3 Qg5 37.Qe4 Rae8 38.Re3 Re6 39.Rc5 Bd4 40.Rxg5 Rxe4 41.
Rxe4 hxg5 42.Rxd4 Rb8 43.Nc3 a5 44.Rd5 b4 45.axb4 axb4 46.Ne4 b3 47.Rd1 
Rb5 48.Rb1 f5 49.gxf5 gxf5 50.Nxg5 b2 51.Kf2 Kg7 52.Ne6+ Kf6 53.Nf4 Rb4 
54.Ke2 1-0

[Event "15th Asian-ch"]
[Site "Chengdu CHN"]
[Date "2017.05.14"]
[Round "3"]
[White "Winkelman, Albert"]
[Black "Li Di"]
[Result "0-1"]
[WhiteElo "2029"]
[BlackElo "2488"]
[EventDate "2017.05.12"]
[PlyCount "124"]

1.e4 c5 2.Nf3 e6 3.d4 cxd4 4.Nxd4 Nc6 5.Nc3 Qc7 6.Be3 a6 7.Qf3 Ne5 8.Qg3 
h5 9.O-O-O h4 10.Qh3 b5 11.f4 Nc4 12.Bxc4 Qxc4 13.Kb1 Bb7 14.f5 Nf6 15.
fxe6 dxe6 16.Bg5 Bb4 17.Bxf6 gxf6 18.Nb3 Qc7 19.Rd4 Bxc3 20.bxc3 Rd8 21.
Rhd1 Rxd4 22.Nxd4 Ke7 23.Qe3 Rd8 24.g3 hxg3 25.hxg3 Qe5 26.Re1 b4 27.Nb3 
Qxc3 28.Qxc3 bxc3 29.Nc5 Bc6 30.Nxa6 Bxe4 31.Nc5 Bc6 32.Nb3 Bb5 33.Re3 Rc8
34.Nc1 Kd6 35.a3 Kd5 36.Ne2 Bxe2 37.Rxe2 f5 38.Re3 Kc4 39.Rf3 Rb8+ 40.Kc1 
Ra8 41.Rf4+ Kc5 42.a4 Rh8 43.Kd1 Rd8+ 44.Kc1 Rd4 45.Rf3 Kb4 46.a5 Rd5 47.
Rf4+ Kb5 48.a6 Kxa6 49.Rc4 Kb6 50.Rxc3 Rd4 51.Rf3 Kc5 52.c3 Ra4 53.Kd2 
Ra2+ 54.Kd3 Rg2 55.Re3 Rf2 56.Re5+ Kd6 57.Re3 e5 58.Kc4 e4 59.g4 fxg4 60.
Rxe4 f5 61.Rd4+ Ke5 62.Kd3 g3 0-1

[Event "15th Asian-ch"]
[Site "Chengdu CHN"]
[Date "2017.05.14"]
[Round "3"]
[White "Yeoh Li Tian"]
[Black "Wang Ting Hao"]
[Result "1-0"]
[WhiteElo "2470"]
[BlackElo "1652"]
[EventDate "2017.05.12"]
[PlyCount "59"]

1.Nf3 Nf6 2.g3 g6 3.Bg2 d5 4.c4 Bg7 5.cxd5 Nxd5 6.O-O O-O 7.d4 c6 8.Nc3 
Nd7 9.Qc2 e5 10.Rd1 Nxc3 11.bxc3 Qa5 12.Bd2 Qa6 13.Bf1 exd4 14.cxd4 c5 15.
Bc3 Nb8 16.dxc5 Qc4 17.Rac1 Bxc3 18.Qxc3 Qxa2 19.Ng5 Be6 20.Bg2 Nc6 21.
Bxc6 bxc6 22.Ne4 f5 23.Nf6+ Rxf6 24.Qxf6 Bd5 25.Qe5 Bf7 26.Rb1 Qe6 27.Rb8+
Rxb8 28.Qxb8+ Kg7 29.Qb2+ Kf8 30.Qh8+ 1-0